000 00622nam a2200229Ia 4500
003 OSt
005 20220918200803.0
006 a|||||r|||| 00| 0
007 ta
008 220917b |||||||| |||| 00| 0 eng d
024 _a90,221
037 _cTextual
040 _aARTS
_cARTS
_beng
041 _2eng
_aeng
082 _aU641:91:J, J1
100 _aHourani George Fadlo
_911295
245 0 _aArab sea faring in the Indian ocean in ancient and early medieval times
260 _c1951
650 _aGEOGRAPHY
942 _hU641:91:J, J1
_cTEXL
_2CC
999 _c213888
_d213888